| 000 | 01669cad a22002535a 4500 | ||
|---|---|---|---|
| 001 | L143481 | ||
| 008 | 080514s200 0401xxk f lf000 0 eng d | ||
| 035 | _a(Sirsi) u143481 | ||
| 041 | 0 | _aeng | |
| 050 | 0 | 4 | _a336.21 $2 18 |
| 110 | 2 |
_aUnited Kingdom _kLaws, etc _95044 |
|
| 245 | 0 | 4 |
_aThe Council Tax and Non-Domestic Rating (Demand Notices) (England) (Amendment) Regulations 2008 _h[electronic resource] |
| 260 |
_aLondon _bTSO _c2008 |
||
| 490 | 0 |
_aSI _v2008: 387 |
|
| 520 | _aCame into force 1 April 2008. Amends the Council Tax and Non-Domestic Rating (Demand Notices) (England) Regulations 2003 (S.I. 2003/2613), which govern the matters to be included in, and the information to be given with, council tax and non-domestic rates demand notices. The amendments relate to both council tax and non-domestic rating. For council tax the main change is to the information provided to council tax payers in areas which have been subject to local government structural change. For non-domestic rating the changes reflect the changes made to liability for rates in respect of empty property made by the Rating (Empty Properties) Act 2007. | ||
| 590 | _aKA | ||
| 650 | 2 | 4 | _aRATING (EMPTY PROPERTIES) ACT 2007 |
| 650 | 2 | 4 | _aNON-DOMESTIC RATING (UNOCCUPIED PROPERTY) (ENGLAND) REGULATIONS 2008 |
| 650 | 2 | 4 | _aCOUNCIL TAX AND NON-DOMESTIC RATING (DEMAND NOTICES) (ENGLAND) (AMENDMENT) REGULATIONS 2008 |
| 651 | 4 |
_aEngland _y886- |
|
| 690 | _aPROPERTY-COMMERCIAL PROPERTY-COMMERCIAL PROPERTY TAXATION-BUSINESS RATES | ||
| 856 | 4 | 0 |
_uhttps://www.opsi.gov.uk/si/si2008/uksi_20080387_en_1 _zView the statutory instrument free of charge at www.opsi.gov.uk... |
| 942 | _n0 | ||
| 999 |
_c108167 _d108167 |
||